Updated Top 5 Cities in Iowa by Population - Statistics

General Stats
  • This quiz has been taken 63 times
  • The average score is 4 of 5
Answer Stats
County City % Correct
Polk Des Moines
98%
Linn Cedar Rapids
83%
Johnson Iowa City
78%
Scott Davenport
76%
Woodbury Sioux City
63%
No matching quizzes found
Score Distribution
Percent of People with Each Score
Percentile by Number Answered
Your Score History
You have not taken this quiz